000 00586nam a2200217Ia 4500
003 GCL
008 140319s9999 xx 000 0 eng d
040 _aGCL /
_cGCL
082 0 4 _a956.015
_bT S
100 1 _aZURCHER, ERIK J
245 1 0 _aSOCIELISM AND NATIONALISM IN THE OTTOMAN EMPIRE 1876-1923 /
_cZURCHER, ERIK J
700 1 _aTUNCAY, METE
260 _a[S.N] :
_bBRITISH ACADEMIC PRESS ،
_c1994
300 _a222 P
650 0 4 _aEUROPE - HISTORY
650 0 4 _aHISTORY
650 0 4 _aNATIONALISM
650 0 4 _aOTTOMAN EMPIRE
650 0 4 _aSOCIALISM
942 _2ddc
_cBK
999 _c25023
_d25023